000 00859 a2200169 4500
003 NUST
005 20221028191118.0
040 _cNust
082 _a510,BRO
100 _aBrown ,Kenneth E
_9101706
245 _aIntroduction to High School Mathematics /
_cKenneth E. Brown, Daniel W Snader
260 _aCanada
_bLaidlaw Brothers
_c1970
300 _a512p.:
505 _aMeasurement and Geometric Construction (Page-13), Counting and Computing (Page-69), Measurement: Whole and Fractional Numbers (Page-119), Measurement Decimal Notation (Page-171), Per Cent (Page-213), Tables and Graphs (Page-241), Introduction to Algebra (Page-297), Open Sentences (Page-333), Using Open Sentences and formulas (Page-371), Directed Numbers (Page-403), Graphing Open Sentences (Page-439), Probability (Page-471).
650 _aMathematics
942 _2ddc
_cBK
_k510,BRO
999 _c179989
_d179989